Pioneer maanok hindi byakaran totha rochona (Record no. 8469)
[ view plain ]
| 000 -LEADER | |
|---|---|
| fixed length control field | 00558cam a2200205ua 4500 |
| 001 - CONTROL NUMBER | |
| control field | 9422 |
| 005 - DATE AND TIME OF LATEST TRANSACTION | |
| control field | 20260515114450.0 |
| 008 - FIXED-LENGTH DATA ELEMENTS--GENERAL INFORMATION | |
| fixed length control field | 160317n ii |||gr||||Z||||||hin |
| 040 ## - CATALOGING SOURCE | |
| Transcribing agency | MAIN |
| 041 ## - LANGUAGE CODE | |
| Language code of text/sound track or separate title | hin |
| 082 ## - DEWEY DECIMAL CLASSIFICATION NUMBER | |
| Classification number | 491.435 |
| 100 ## - MAIN ENTRY--PERSONAL NAME | |
| Personal name | Upadhyay, Ashok Kumar, |
| Relator term | Author. |
| 245 ## - TITLE STATEMENT | |
| Title | Pioneer maanok hindi byakaran totha rochona |
| Statement of responsibility, etc. | by Ashok Kumar Upadhyay |
| 250 ## - EDITION STATEMENT | |
| Edition statement | Rev. & enl. ed. |
| 260 ## - PUBLICATION, DISTRIBUTION, ETC. | |
| Place of publication, distribution, etc. | Delhi: |
| Name of publisher, distributor, etc. | Dhanpat Rai & co., |
| Date of publication, distribution, etc. | 2007. |
| 300 ## - PHYSICAL DESCRIPTION | |
| Extent | 488+44p. |
| 653 ## - INDEX TERM--UNCONTROLLED | |
| Uncontrolled term | East Indo-European & Celtic languages |
| 653 ## - INDEX TERM--UNCONTROLLED | |
| Uncontrolled term | Hindi grammar |
| 942 ## - ADDED ENTRY ELEMENTS (KOHA) | |
| Koha item type | Books |
| Withdrawn status | Lost status | Damaged status | Not for loan | Home library | Current library | Shelving location | Date acquired | Total checkouts | Full call number | Barcode | Date last seen | Date last checked out | Copy number | Price effective from | Koha item type |
|---|---|---|---|---|---|---|---|---|---|---|---|---|---|---|---|
| Naharkatiya College Library | Naharkatiya College Library | General stacks | 09/19/2020 | 4 | 491.435 | UPA | 18817 | 03/08/2021 | 03/01/2021 | 1 | 09/19/2020 | Books | ||||
| Naharkatiya College Library | Naharkatiya College Library | General stacks | 09/19/2020 | 491.435 | UPA | 18818 | 09/19/2020 | 2 | 09/19/2020 | Books | ||||||
| Naharkatiya College Library | Naharkatiya College Library | General stacks | 09/19/2020 | 491.435 | UPA | 18819 | 09/19/2020 | 3 | 09/19/2020 | Books |